000 00674cam a22002533a 4500
001 24566
003 PGUSA
005 20140828083527.0
008 080210s2008||||xxu|||||s|||||000 1 eng d
040 _aPGUSA
_beng
042 _adc
050 4 _aPS
100 1 _aTabakow, Lou,
_d-1981
245 1 0 _aFaithfully Yours
_h[electronic resource] /
_cLou Tabakow
260 _bProject Gutenberg,
_c2008
506 _aPublic domain in the USA.
516 _aElectronic text
653 _aShort stories
653 _aEscapes -- Fiction
653 _aScience fiction
830 0 _aProject Gutenberg
_v24566
856 4 0 _uhttp://www.gutenberg.org/ebooks/24566
942 _cEB
999 _c253821
_d253821